El impacto de la crisis en el sector textil: un año de TLC /

Сохранить в:
Библиографические подробности
Главный автор: Portos, Irma
Формат: Текст
Предметы:
Метки: Добавить метку
Нет меток, Требуется 1-ая метка записи!

MARC

LEADER 00000 a a2200000 04500
001 45918
003
040
090 |a REV0657 (79) 1995  
100 |a Portos, Irma  
245 |a El impacto de la crisis en el sector textil:  |b un año de TLC /  |c Irma Portos 
650 |a CRISIS  
650 |a TLC  
650 |a TRATADO DE LIBRE COMERCIO  
650 |a INDUSTRIA TEXTIL  
773 |g número79 (1995), páginas  
999 |c 24819  |d 24819